Código sanitario: aprobada por decreto N§ 1.191, del Ministerio de Justicia, de 19 de noviembre de 1996
שמור ב:
| פורמט: | ספר |
|---|---|
| שפה: | ספרדית |
| יצא לאור: |
Santiago
Jurídica de Chile
1997
|
| מהדורה: | 9a. ed |
| נושאים: | |
| תגים: |
הוספת תג
אין תגיות, היה/י הראשונ/ה לתייג את הרשומה!
|
MARC
| LEADER | 00000nam a2200000 a 4500 | ||
|---|---|---|---|
| 001 | UCR6836 | ||
| 003 | CL-VaPUC | ||
| 008 | 980424e19970000CL |||||||||||||||||spa|d | ||
| 082 | 0 | 4 | |a 344.8304 |b COD |2 21 |
| 245 | 1 | 0 | |a Código sanitario: aprobada por decreto N§ 1.191, del Ministerio de Justicia, de 19 de noviembre de 1996 |
| 250 | |a 9a. ed | ||
| 300 | |a 313 p | ||
| 942 | |c BK | ||
| 945 | |d 19980424 00:00:00 |a rbrito | ||
| 260 | |a Santiago |b Jurídica de Chile |c 1997 | ||
| 500 | |a Apendice actualizado a noviembre de 1997 | ||
| 650 | 0 | |a Código sanitario |9 387494 | |
| 650 | 0 | |a Legislación sanitaria |9 345887 | |
| 650 | 7 | |a SERVICIOS SANITARIOS |2 CL-VaPUC |9 359723 | |
| 650 | 0 | |a Salud pública |9 258913 | |
| 651 | 7 | |a CHILE |2 CL-VaPUC |9 408002 | |
| 583 | |a last modification |c 19980424 00:00:00 |k Rodrigo Vera | ||
| 999 | |c 268741 |d 268739 | ||
| 952 | |0 0 |1 0 |2 ddc |4 0 |6 344_830400000000000_COD_1997 |7 0 |8 FOND_LRYV |9 302036 |a BIBDER |b BIBDER |d 2019-11-20 |i 3408922 |o 344.8304 COD 1997 |p 3408922 |r 2023-01-25 |w 2019-11-20 |y BK_X |k DER | ||
| 952 | |0 0 |1 0 |2 ddc |4 0 |6 344_830400000000000_COD_1997 |7 0 |8 FOND_LRYV |9 302037 |a BIBDER |b BIBDER |d 2019-11-20 |i 3408930 |o 344.8304 COD 1997 |p 3408930 |r 2023-01-25 |w 2019-11-20 |y BK_X |k DER | ||